| 000 | 00404nam a22001337a 4500 | ||
|---|---|---|---|
| 082 |
_a519 _bJAN _cL-3, P-5 |
||
| 100 |
_aHerbert Drury Harper BS MA _947140 |
||
| 245 |
_aHandbook of applied mathematics _cMartin E jansson |
||
| 260 |
_aUSA _bD Van Nostrand Company 250 Fourth Avenue _c1936 |
||
| 300 |
_aP-1010 _bIllus |
||
| 526 |
_a0 _b0 _c0 _d519_000000000000000_JAN |
||
| 650 |
_aMCE _9379 |
||
| 942 |
_2ddc _cBK |
||
| 999 |
_c550429 _d550429 |
||